Państwa według pierwszej i ostatniej litery #2 - Statystyki

Ogólne statystyki
  • Ten quiz został rozwiązany 35 razy
  • Średni wynik to 17 z 24
Statystyki odpowiedzi
Pierwsza litera Państwa Ostatnia litera % Poprawnych
J Jemen N
94%
D Dania A
91%
I Iran N
88%
H Haiti I
82%
F Fidżi I
79%
W Włochy Y
79%
B Belgia A
76%
L Laos S
76%
P Paragwaj J
76%
T Tuvalu U
74%
F Francja A
71%
P Polska A
71%
U Uzbekistan N
71%
Z Zimbabwe E
71%
G Grecja A
68%
K Kenia A
65%
K Kosowo O
65%
B Brazylia A
62%
W Węgry Y
62%
N Niemcy Y
56%
K Kiribati I
53%
B Bangladesz Z
50%
W Wenezuela A
47%
K Kamerun N
41%
Nie znaleziono quizów pasujących do podanych kryteriów
Rozkład punktacji
Procent ludzi z każdym wynikiem
Percentyl według liczby udzielonych odpowiedzi
Twoja historia wyników
Nie rozwiązałeś tego quizu